000 00572nam a22001697a 4500
008 150701r19952009ch ||||| |||| 00| 0 chi d
020 _a9789575874667
050 _aBS1151.2
100 1 _aChristopher J.H. Wright
245 1 _a認識舊約倫理學 : 舊約的倫理道德是建立在神學的基礎上 /
_c萊特(Christopher J.H. Wright)著 ; 王仁芬譯.
250 _aPOD版
260 _aTaipei :
_b校園書房出版社,
_c2009.
300 _a215p.
650 1 _aBible. -- Old Testament -- Commentaries.
650 1 _aBible. -- Old Testament.
942 _2lcc
_cBK
999 _c38655
_d38655